¿Choque, fin u otro Chernobyl? /
שמור ב:
| מחבר ראשי: | |
|---|---|
| פורמט: | Texto |
| נושאים: | |
| תגים: |
הוספת תג
אין תגיות, היה/י הראשונ/ה לתייג את הרשומה!
|
MARC
| LEADER | 00000 a a2200000 04500 | ||
|---|---|---|---|
| 001 | 7678 | ||
| 003 | |||
| 040 | |||
| 100 | |a Heine, Jorge | ||
| 245 | |a ¿Choque, fin u otro Chernobyl? / |c Jorge Heine | ||
| 650 | |a TERRORISMO | ||
| 650 | |a CIVILIZACION | ||
| 650 | |a POLITICA INTERNACIONAL | ||
| 650 | |a GUERRA | ||
| 650 | |a INTEGRISMO | ||
| 650 | |a ISLAM | ||
| 650 | |a DESIGUALDAD SOCIAL | ||
| 773 | |g volumen 34, número 136; páginas 7-19 | ||
| 999 | |c 26122 |d 26122 | ||
